01089nas a2200277Ia 4500001001600000003001000016008004100026040002500067041001300092100002000105210003600125222003600161245004800197250001100245260000900256501012300265300001300388362002400401500011300425650002600538700002300564942000700587957000600594999003300600952017800633A04/R035-42163 IT-MiCISF161014c99999999xx |||||||||||| ||und|| aIT-MiCISFcIT-MiCISF aITALIANO aPesaresi Franco aProspettive sociali e sanitarie aProspettive sociali e sanitarie 0aLe unità€ di valutazione multidimensionale a1a ed. c2006 bCISF - Centro Internazionale Studi Famiglia - Via Giotto, 36 20145 MILANO (non commercial uses only)cCopyright 2016 app. 6-11 an. 9, maggio [2006] a Tema: malato, non-autosufficienza, servizi-sanitari, case-studies, istituzionalizzazione, diagnosi-handicap asalute curavarticolo a Simoncelli Marina cCR 71 a42163bSig1c247294d247294 0010406A_04_000000000000000_R0354216371aCISFbCISFd2016-10-14l0oA04/R035-42163 r2016-10-14 00:00:00w2016-10-14yCRzData import 15.10.2016 / by Epidotti, Vaglietti